00413nam a22001337a 4500008004100000020002200041050001900063100002400082245004900106250001200155260004400167300003200211500003600243190806b xxu||||| |||| 00| 0 eng d a978 1 58510 012 5 aPE1576.D92(2e) aDunmore, Charles W. aStudies in etymology. /cCharles W. Dunmore. a2nd ed. aNewburyport :bFocus Publishing,c2008. aix, 236 p.:bill. ;c26 cm. aIncludes index and bibliography